h1

h2

h3

h4

h5
h6
000567707 001__ 567707
000567707 005__ 20200409105146.0
000567707 0247_ $$2ISSN$$a0016-4909
000567707 037__ $$aRWTH-2016-00944
000567707 041__ $$aGerman
000567707 082__ $$a660
000567707 1001_ $$0P:(DE-82)IDM00444$$aMoser, Albert$$b0$$urwth
000567707 245__ $$aKonvergenz der Strom- und Gasnetze im regulatorischen Kontext$$honline, print
000567707 260__ $$aMünchen$$bDeutscher Industrieverl.$$c2015
000567707 3367_ $$00$$2EndNote$$aJournal Article
000567707 3367_ $$0PUB:(DE-HGF)16$$2PUB:(DE-HGF)$$aJournal Article$$bjournal$$mjournal
000567707 3367_ $$2BibTeX$$aARTICLE
000567707 3367_ $$2DRIVER$$aarticle
000567707 3367_ $$2DataCite$$aOutput Types/Journal article
000567707 3367_ $$2ORCID$$aJOURNAL_ARTICLE
000567707 5203_ $$lger
000567707 520__ $$leng
000567707 7001_ $$0P:(DE-82)008771$$aBaumann, Christoph$$b1$$eCorresponding author
000567707 773__ $$0PERI:(DE-600)2273630-X$$p760-764$$tGWF / Gas, Erdgas$$v10$$x0016-4909$$y2015
000567707 8564_ $$uhttps://www.di-verlag.de/de/404?page=plg_oiv_clustered_search&sdesc=on&desc=on&keywords=konvergenz&oiv_media_data_author=baumann&external_id=&products_ean=&products_price_from=&products_price_to=&pub_date_from=&pub_date_to=&x=40&y=16$$yHomepage of publisher
000567707 909CO $$ooai:publications.rwth-aachen.de:567707$$pVDB
000567707 9101_ $$0I:(DE-588b)36225-6$$6P:(DE-82)IDM00444$$aRWTH Aachen$$b0$$kRWTH
000567707 9141_ $$y2015
000567707 9151_ $$0StatID:(DE-HGF)0031$$2HGFVOC$$aPeer reviewed article$$x0
000567707 915__ $$0StatID:(DE-HGF)0200$$2StatID$$aDBCoverage$$bSCOPUS
000567707 9201_ $$0I:(DE-82)614110_20140620$$k614110$$lLehrstuhl und Institut für Elektrische Anlagen und Energiewirtschaft$$x0
000567707 961__ $$c2016-02-05T13:48:42.536907$$x2016-02-05T13:48:42.536907$$z2016-03-02
000567707 980__ $$aI:(DE-82)614110_20140620
000567707 980__ $$aUNRESTRICTED
000567707 980__ $$aVDB
000567707 980__ $$ajournal